• 首页
  • 本馆介绍
  • 公告通知
  • 最新文献
  • 馆藏检索
  • 电子资源
  • 读者导购
  • 参考咨询
  • 我的图书馆
  • 登录
  • 详细信息显示
  • 放入我的书架
  • 预约/预借图书
  • 作者相关作品
  • 分类相关作品
  • 丛书相关作品
  • 出版社相关作品

书目信息

  • 表格格式
  • 工作单格式
  • 卡片格式
书名: Wheldon's Cost accounting
作者:
分册号:
分册名:
出版地: Plymouth [Devon] :
 
出版社: Macdonald and Evans
出版时间: 1984.
页数: x, 706 p. :
开本: 24 cm.
丛书名:
中图分类号:
科图分类号:
其他分类号: F23
主题词:
电子资源:
000 01355nam 2200361 a 4500
001 E0737177661
005 20070225101957.09
008 840629s1984 enka 00110 eng
008 uu
010    @a84670113 //r86
020    @a071212327X (pbk.) :@cCNY9.50.
049    @aN5LA
050 0  @aHF5686.C8 @bW4418 1984
082 0  @a657/.42 @219
090    @a2-85/F274/W56/ 1984/////743089/*984117/-18/ cop.2-3
090    @aF23
096    @aF274 @v2
099    @dF23@ex4
100 10 @aWheldon, Harold J. @q(Harold James)
240 10 @aCost accounting
245 10 @aWheldon's Cost accounting
250    @a15th ed. / :@bL.W.J. Owler and J.L. Brown.
260 0  @aPlymouth [Devon] :@bMacdonald and Evans ;@aPhiladelphia, Pa. :@bDistributed exclusively by International Ideas,@c1984.
300    @ax, 706 p. :@bill. ;@c24 cm.
500    @aRev. ed. of: Wheldon's Cost accounting and costing methods. 14th ed. 1978.
500    @aDistributor stamped on t.p.
500    @aIncludes index.
650  0 @aCost accounting.
700 10 @aOwler, L. W. J.
700 11 @aWheldon, Harold J. @q(Harold James). @tWheldon's Cost Accounting and costing methods.
700 10 @aBrown, John Lewis.
740 01 @aCost accounting. @b00 @c20020930 @lNLC09 @h2249 @lNLC09 @h2333 @lNLC09 @h1924
852 9  @bWWJC @cJ08N @k2-85 @hF274 @iW56/1984
    
    Wheldon's Cost accounting.-15th ed. / : : L.W.J. Owler and J.L. Brown.-Plymouth [Devon] : : Macdonald and Evans ; ; Philadelphia, Pa. : : Distributed exclusively by International Ideas, , 1984.
    x, 706 p. : : ill. ; ; 24 cm.
    Rev. ed. of: Wheldon's Cost accounting and costing methods. 14th ed. 1978.-Distributor stamped on t.p.-Includes index.
    
    ISBN 071212327X (pbk.) :CNY9.50.
    
●
相关链接 在E读中查询图书 在五车中查询图书 在当当中查询图书 在豆瓣中查询图书


正题名:Wheldon's Cost accounting     索取号:F23/x4         预约/预借

序号 登录号 条形码 馆藏地/架位号 状态 备注
1 181368   001170556   第四借阅区/ [索取号:F23/x4] 在馆    
2 181369   001170574   第四借阅区/ [索取号:F23/x4] 在馆    
3 181370   001170609   第四借阅区/ [索取号:F23/x4] 在馆    
唐山师范学院图书馆 欢迎您!
大连网信软件有限公司© 版权所有